Jeremías y lamentaciones / (Record no. 27418)

MARC details
000 -LEADER
campo de control de longitud fija 00714ntaaa2200241 4500
003 - IDENTIFICADOR DE NÚMERO DE CONTROL
campo de control 01
005 - FECHA Y HORA DE LA ÚLTIMA TRANSACCIÓN
campo de control 20251027203210.0
008 - DATOS DE LONGITUD FIJA--INFORMACIÓN GENERAL
campo de control de longitud fija 0714s1973 ag 01
020 ## - NÚMERO INTERNACIONAL ESTÁNDAR DEL LIBRO
Número Internacional Estándar del Libro 9780806696850
040 ## - FUENTE DE CATALOGACIÓN
Centro catalogador/agencia de origen AR-BaBN
Lengua de catalogación spa
Centro/agencia transcriptor AR-BaBN
Normas de descripción aacr
Centro/agencia modificador RIC
082 ## - NÚMERO DE LA CLASIFICACIÓN DECIMAL DEWEY
Número de clasificación 224.2 C81j
100 ## - ENTRADA PRINCIPAL--NOMBRE DE PERSONA
Nombre de persona Cornou, María Eugenia
9 (RLIN) 31584
245 ## - MENCIÓN DEL TÍTULO
Título Jeremías y lamentaciones /
Mención de responsabilidad, etc. María Eugenia Cornou
260 ## - PUBLICACIÓN, DISTRIBUCIÓN, ETC.
Lugar de publicación, distribución, etc. Minneapolis :
Nombre del editor, distribuidor, etc. Augsburg Fortress,
Fecha de publicación, distribución, etc. 2010
300 ## - DESCRIPCIÓN FÍSICA
Extensión 159 p.
490 ## - MENCIÓN DE SERIE
Mención de serie Conozca su Biblia
500 ## - NOTA GENERAL
Nota general Bibliografìa selecta p. 159
650 ## - PUNTO DE ACCESO ADICIONAL DE MATERIA--TÉRMINO DE MATERIA
Término de materia o nombre geográfico como elemento de entrada BIBLIA-ANTIGUO TESTAMENTO-JEREMIAS
9 (RLIN) 955
650 ## - PUNTO DE ACCESO ADICIONAL DE MATERIA--TÉRMINO DE MATERIA
Término de materia o nombre geográfico como elemento de entrada BIBLIA-ANTIGUO TESTAMENTO-LAMENTACIONES
9 (RLIN) 1681
659 ## -
-- RELIGION
800 ## - PUNTO DE ACCESO ADICIONAL DE SERIE--NOMBRE DE PERSONA
Nombre de persona González, Justo
9 (RLIN) 3979
942 ## - ELEMENTOS DE ENTRADA SECUNDARIOS (KOHA)
Tipo de ítem Koha Colección General
Holdings
Estatus retirado Estado de pérdida Estado de daño No para préstamo Biblioteca de origen Biblioteca actual Fecha de adquisición Número de inventario Total de préstamos Signatura topográfica completa Código de barras Visto por última vez Precio de reemplazo Tipo de ítem Koha
        Biblioteca Pluis Biblioteca Pluis 27/10/2025 043791   224.2 C81j 043791 27/10/2025 27/10/2025 Colección General